000 00265nam a22001217a 4500
008 180118b xxu||||| |||| 00| 0 eng d
041 _aeng
080 _a330
100 _a52
101 _aEKO
245 _aWindow on a new world
_cFinkelstein,J
942 _2udc
_cBK
999 _c40483
_d40483